Návrh konceptu automatizácie nakladania a vykladania komponentov na pracovisku tukovania remeňových napínačov, Schaeffler Skalica, spol. s r.o.

Saved in:
Bibliographic Details
Main Author: Dujka, Samuel (Author)
Other Authors: Matúšová, Miriam (Thesis advisor)
Format: Manuscript Book
Language:Slovak
Published: 2023
Subjects:
Online Access:http://is.stuba.sk/zp/portal_zp.pl?podrobnosti=171161
Tags: Add Tag
No Tags, Be the first to tag this record!

MARC

LEADER 00000ntm a22000003a 4500
001 stuzp93800
003 SK-STU
005 20230909220116.1
007 ta
008 150427s2015----xo-----f-mn---000-0-slo-d
040 |a STU  |b slo 
041 0 |a slo 
100 1 |a Dujka, Samuel  |u 063000  |4 aut  |U MTF Materiálovotechnologická fakulta  |T MTF Ústav výrobných technológií  |X 94063  |U M3000  |Y 83  |7 94063 
242 0 1 |a Design of automation concept for loading and unloading of components at the belt tensioner lubrication workplace, Schaeffler Skalica, spol. s r.o.  |y eng 
245 1 0 |a Návrh konceptu automatizácie nakladania a vykladania komponentov na pracovisku tukovania remeňových napínačov, Schaeffler Skalica, spol. s r.o. 
260 |c 2023 
650 4 |a robotika  |2 slo 
650 4 |a automatizácia  |2 slo 
650 4 |a remeňový napínač  |2 slo 
650 4 |a automation  |2 eng 
650 4 |a belt tensioner  |2 eng 
650 4 |a robotics  |2 eng 
700 1 |a Matúšová, Miriam  |u 063800  |k Z1  |4 ths  |U MTF Ústav výrobných technológií  |T MTF Katedra výrobných zariadení a systémov  |X 4309  |U M3800  |Y 660  |7 A000004309 
856 4 |u http://is.stuba.sk/zp/portal_zp.pl?podrobnosti=171161 
996 |c M* DP-15114  |l MMSKP  |s P  |a 0  |w stuzp93800_0001